Una mirada al trabajo infantil /

Αποθηκεύτηκε σε:
Λεπτομέρειες βιβλιογραφικής εγγραφής
Συλλογικό Έργο: IPEC, Oficina Internacional del Trabajo
Μορφή: Κείμενο
Έκδοση: San José
Ετικέτες: Προσθήκη ετικέτας
Δεν υπάρχουν, Καταχωρήστε ετικέτα πρώτοι!

MARC

LEADER 00000 a a2200000 04500
001 38213
003
040
090 |a 1002 M671m  
110 |a IPEC  
245 |a Una mirada al trabajo infantil /  |c IPEC  
260 |a San José  
300 |a 23 p.   |b il.  
710 |a Oficina Internacional del Trabajo  
999 |c 10027  |d 10027